| 000 | 00691 a2200181 4500 | ||
|---|---|---|---|
| 999 |
_c2723 _d2723 |
||
| 020 | _a0796209022 (pbk.) | ||
| 050 | 0 | 0 | _aLB 1051 MWA 2004 |
| 100 | 1 |
_aMwamwenda, Tuntufye S. _eAuthor |
|
| 245 | 1 | 0 |
_aEducational psychology : _ban African perspective / _cTuntufye S. Mwamwenda. |
| 250 | _a3rd ed. | ||
| 264 |
_aSouth Africa: _bHeinemann, _c2004 |
||
| 300 |
_axiv, 530p. : _bill. |
||
| 500 | _aIncludes bibliographical references (p. 505-523) and index. | ||
| 504 | _aIncludes bibliographical references (p. 505-523) and index. | ||
| 650 | 0 | _aEducational psychology | |
| 942 |
_2lcc _cBK _e3rd ed. _h1051 _iMWA _kLB |
||